Nottingham Forest Current Squad - Statistics

General Stats
  • This quiz has been taken 4,354 times
    725 since last reset
  • The average score is 20 of 29
Answers on the Map
Answers color-coded by a green-red scale on the quiz's map according to % correct below.
 
Answer Stats
# Position Player Nation % Correct
10 MF Morgan Gibbs-White
96%
11 FW Chris Wood
93%
3 DF Neco Williams
93%
26 GK Matz Sels
91%
5 DF Murillo
90%
8 MF Elliot Anderson
86%
34 DF Ola Aina
85%
Head Coach Sean Dyche
84%
19 FW Igor Jesus
83%
31 DF Nikola Milenković
83%
7 FW Callum Hudson-Odoi
82%
6 MF Ibrahim Sangaré Ivory Coast
79%
30 DF Willy Boly Ivory Coast
78%
35 DF Oleksandr Zinchenko
77%
12 MF Douglas Luiz
74%
9 FW Taiwo Awoniyi
73%
14 FW Dan Ndoye
67%
22 MF Ryan Yates
66%
16 MF Nicolás Domínguez Argentina
64%
21 FW Omari Hutchinson
62%
4 DF Morato
58%
24 MF James McAtee
50%
18 GK Angus Gunn
45%
15 FW Arnaud Kalimuendo
45%
37 DF Nicolò Savona
44%
13 GK John Victor
41%
29 FW Dilane Bakwa
34%
44 DF Zach Abbott
32%
23 DF Jair Cunha
31%
No matching quizzes found
Score Distribution
Percent of People with Each Score
Percentile by Number Answered
Your Score History
You have not taken this quiz since the last reset